Sổ tay người làm nhà

Сохранить в:
Библиографические подробности
Главный автор: Nguyễn, Bá Đô
Формат:
Язык:Undetermined
Опубликовано: Hà Nội Khoa học và Kỹ thuật 2003
Предметы:
Метки: Добавить метку
Нет меток, Требуется 1-ая метка записи!
Thư viện lưu trữ: Trung tâm Học liệu Trường Đại học Cần Thơ
LEADER 00564nam a2200193Ia 4500
001 CTU_75118
008 210402s9999 xx 000 0 und d
020 |b 52000 
082 |a 690.15 
082 |b Đ450 
100 |a Nguyễn, Bá Đô 
245 0 |a Sổ tay người làm nhà 
245 0 |c Nguyễn Bá Đô, Nguyễn Huy Côn 
260 |a Hà Nội 
260 |b Khoa học và Kỹ thuật 
260 |c 2003 
650 |a Structural engineering 
904 |i Truc,Hải 
980 |a Trung tâm Học liệu Trường Đại học Cần Thơ